| 000 | 00919nam a2200265 i 4500 | ||
|---|---|---|---|
| 001 | 155205 | ||
| 003 | ES-MaACL | ||
| 005 | 20250723061847.0 | ||
| 008 | 940301s1808 sp |||| | lat d | ||
| 040 |
_aAS _bspa |
||
| 100 | 1 |
_aHeineccius, Johann Gottlieb ( _d1681-1741) _9127831 |
|
| 245 | 1 | 0 |
_aIo. Got. Heineccii Historia iuris romani _b: ad usum studiosae iuventutis adornata. |
| 250 | _aEditio prima hispana ad usum studiosae iuventutis adornata. | ||
| 260 |
_aCompluti : _b[s.n.], _c1808 ( _fapud Emmanuelem Amigo Academiae Typographum) |
||
| 300 |
_a[2], XVI, 359, [1] p. ; _c21 cm. |
||
| 504 | _aÍndice. | ||
| 510 | 4 |
_aPalau, _c112817 |
|
| 597 | _aTexto a dos col. | ||
| 597 | _aAntep. | ||
| 597 | _aApostillas marginales. | ||
| 597 | _aSignaturizado. | ||
| 650 | 7 |
_aDerecho romano _2embne _911764 |
|
| 852 |
_aES-MaACL _jR-1845 _z-- Enc. perg. Olim: G-1560 |
||
| 999 |
_c155205 _d155205 |
||